Slobodné bankovníctvo bakalárska práca

Gespeichert in:
Bibliographische Detailangaben
1. Verfasser: Novysedlák, Jozef
Körperschaft: Národohospodárska fakulta EU. Katedra bankovníctva a medzinárodných financií
Weitere Verfasser: Artimová, Miroslava
Format: Buch
Sprache:Slowakisch
Veröffentlicht: Bratislava 2015
Tags: Tag hinzufügen
Keine Tags, Fügen Sie das erste Tag hinzu!

MARC

LEADER 00000nbm a2200000 4500
001 0205009
005 20161212094925.3
041 0 |a slo 
044 |a SK 
245 1 0 |a Slobodné bankovníctvo  |b bakalárska práca  |c Jozef Novysedlák ; školiteľ: Miroslava Artimová 
264 1 |a Bratislava  |c 2015 
300 |a 44 s. 
100 1 |a Novysedlák, Jozef 
700 1 |a Artimová, Miroslava 
710 2 |a Národohospodárska fakulta EU. Katedra bankovníctva a medzinárodných financií